Strategic Management: (Record no. 3106)

MARC details
000 -LEADER
fixed length control field 01051nam a2200145 4500
020 ## - INTERNATIONAL STANDARD BOOK NUMBER
ISBN 9964391528
050 ## - CALL NUMBER
Classification number HD30.28
Item number .G99
100 ## - AUTHOR
Personal name Gyan-Baffour, George
245 ## - TITLE
Title Strategic Management:
Remainder of title Concept and Cases /
Statement of responsibility, etc George Gyan-Baffour
260 ## - PUBLICATION INFORMATION
Place of publication Accra
Name of publisher Ghana Universities Press
Year of publication ND
300 ## - DESCRIPTION
Number of Pages xvi, 302p. :
Other physical details ill.
Dimensions 25cm
505 ## - FORMATTED CONTENTS NOTE
Table of Content Chapter 1. The Strategic Management Process<br/>Chapter 2. The Organization Mission<br/>Chapter 3. External Assessment<br/>Chapter 4. Internal Assessment : The Company Profile <br/>Chapter 5. Organizational Objectives <br/>Chapter 6. Business Level Strategies <br/>Chapter 7. Corporate Level Strategies <br/>Chapter 8. Strategies for International Competition<br/>Chapter 9. Strategic Analysis and Choice at the Business Level<br/>Chapter 10. Strategic Analysis and Choice at the Corporate Level<br/>Chapter 11. Strategy Implementation<br/>Chapter 12. Strategic Control: Monitoring Evaluation and Corrective Action<br/>Chapter 13. Strategic Management of Not-For-Profit Organization
650 ## - SUBJECTS
Topical Term Strategic Management
942 ## - ADDED ENTRY ELEMENTS (KOHA)
Koha item type Books
Holdings
Withdrawn status Lost status Collection code Home library Current library Shelving location Date acquired Full call number Accession Number Koha item type
    Reference Methodist University Library Main Methodist University Library Main General Stacks 27/03/2018 HD30.28 .G99 1340 Books
Copyright © 2026  MUG Library